000 00761cam a2200217 a 4500
020 _a9781439039083
020 _a1439039089
050 0 0 _aHB172
_b.B68 2008
100 1 _aBoyes, William J.
245 1 0 _aMicroeconomics /
_cWilliam Boyes, Michael Melvin.
250 _a7th ed.
260 _aAustralia ;
_aMason, OH :
_bSouth-Western Cengage Learning,
_cc2011.
300 _axxxi, 480, [19] p. :
500 _aIncludes index.
650 _xMicroeconomics ;
_xEconoomics.
700 1 _aMelvin, Michael,
856 4 2 _uhttp://www.loc.gov/catdir/enhancements/fy1212/2009930589-d.html
856 4 1 _uhttp://www.loc.gov/catdir/enhancements/fy1212/2009930589-t.html
856 4 2 _uhttp://www.loc.gov/catdir/enhancements/fy1303/2009930589-b.html
942 _2lcc
_cGEN
999 _c8876
_d8876